| Tag |
First Indicator |
Second Indicator |
Subfields |
| LEADER |
00000cam a2200000 4500 |
| 001 |
in00001898513 |
| 006 |
m | d | |
| 007 |
cr |n||||||||n |
| 008 |
820715s1798 xxu|||| s 00| | eng d |
| 005 |
20260413210810.9 |
| 035 |
|
|
|a (CStRLIN)ESTCW28756
|
| 040 |
|
|
|a MWA
|c MWA
|d Uk-ES
|d CStRLIN
|d Thomson Gale
|d UtOrBLW
|
| 100 |
1 |
|
|a Marsh, Ebenezer Grant,
|d 1777-1803.
|
| 245 |
1 |
3 |
|a An oration, delivered before the [Phi] B K Society :
|b at their anniversary meeting, in New-Haven, on the fifth of December, A.D. 1797. By Ebenezer Grant Marsh.
|
| 264 |
|
3 |
|a Hartford :
|b Printed by Hudson & Goodwin,
|c 1798.
|
| 300 |
|
|
|a 32 pages ;
|c 8⁰.
|
| 336 |
|
|
|a text
|b txt
|2 rdacontent
|
| 337 |
|
|
|a computer
|b c
|2 rdamedia
|
| 338 |
|
|
|a online resource
|b cr
|2 rdacarrier
|
| 500 |
|
|
|a Three characters before "Society" are transliterated from the Greek .
|
| 500 |
|
|
|a Concerning the study of the Hebrew, Greek and Roman languages.
|
| 500 |
|
|
|a Reproduction of original from the British Library.
|
| 510 |
4 |
|
|a Trumbull, J.H. Connecticut,
|c 1069
|
| 510 |
4 |
|
|a Evans,
|c 34046
|
| 510 |
4 |
|
|a Sabin,
|c 44731
|
| 510 |
4 |
|
|a English Short Title Catalog,
|c ESTCW28756.
|
| 533 |
|
|
|a Electronic reproduction.
|b Farmington Hills, Mich. :
|c Thomson Gale,
|d 2003.
|n Available via the World Wide Web.
|n Access limited by licensing agreements
|7 s2003 miunns
|
| 500 |
|
|
|a Electronic resource.
|
| 710 |
2 |
|
|a Phi Beta Kappa.
|b Connecticut Alpha (Yale College),
|e author.
|
| 830 |
|
0 |
|a Eighteenth century collections online.
|
| 856 |
4 |
0 |
|u http://proxy.library.tamu.edu/login?url=https://galenet.galegroup.com/servlet/ECCO?c=1&stp=Author&ste=11&af=BN&ae=W028756&tiPG=1&dd=0&dc=flc&docNum=CW105363249&vrsn=1.0&srchtp=a&d4=0.33&n=10&SU=0LRL+OR+0LRI&locID=txshracd2898
|z Full text online
|t 0
|
| 999 |
|
|
|a MARS
|
| 999 |
f |
f |
|s 5c429aee-3bea-397d-83de-3f9c188e169a
|i 7d8f299c-6779-3c04-9fd1-29ca90ec2735
|t 0
|
| 952 |
f |
f |
|a Texas A&M University
|b College Station
|c Electronic Resources
|s www_evans
|d Available Online
|t 0
|h No information provided
|
| 998 |
f |
f |
|t 0
|l Available Online
|